Girls Nickname Match Quiz Stats

Quiz Updated Jul 27, 2013

Challenge
Share
Tweet
Embed
Score 0/60 Timer 06:00
0 Plays Today
% Correct
Stephanie
92.7%
Abigail
92.6%
Deborah
92.5%
Samantha
92.5%
Valerie
92.5%
Jacqueline
92.4%
Pamela
92.3%
Jennifer
92.2%
Barbara
92.2%
Cassandra
92.1%
Josephine
92%
Melanie
92%
Judith
91.9%
Florence
91.8%
Gabriella
91.7%
Adelaide
91.7%
Francesca
91.5%
Rose
91.3%
Tabitha
90.8%
Agatha
90.8%
Madeline
90.8%
Penelope
90.4%
Tamara
90.2%
Gillian
90.2%
Edith
89.8%
Constance
89.7%
Eve
89.6%
Rebecca
88.8%
Bridget
87%
Teresa
86.4%
% Correct
Isabella
84.8%
Alexandra
84.7%
Victoria
84.2%
Natasha
84%
Priscilla
82.9%
Patricia
82.5%
Caroline
81.7%
Christina
80.7%
Michelle
80.1%
Dorothy
79%
Amanda
77.7%
Georgina
77.7%
Roberta
75.8%
Gertrude
74.9%
Henrietta
72.7%
Harriet
72%
Charlotte
71.6%
Veronica
71.2%
Susanna
69.7%
Elizabeth
69.5%
Catherine
69.4%
Eleanor
67.4%
Matilda
66.6%
Virginia
61.6%
Maureen
59.5%
Margaret
57.7%
Sarah
56.1%
Wilhelmina
45.2%
Molly
42.2%
Anne
35.9%

You're not logged in!

Compare scores with friends on all Sporcle quizzes.
Join for Free
OR
Log In

You Might Also Like...

Show Comments

Extras

Top Quizzes Today


Score Distribution

Your Account Isn't Verified!

In order to create a playlist on Sporcle, you need to verify the email address you used during registration. Go to your Sporcle Settings to finish the process.

Report this User

Report this user for behavior that violates our Community Guidelines.

Details: